An analysis of knowledge and application of exercise training principles among a population of adult joggers /

Bibliographic Details
Main Author: Kimbrough, Claire Marie
Format: Thesis Microform Book
Language:English
Published: [Place of publication not identified] : [publisher not identified] ; 1984.
Subjects:

MARC

Tag First Indicator Second Indicator Subfields
LEADER 00000cam a2200000 a 4500
001 in00000032135
005 20151007055044.0
007 he bmb|||||||
008 870520r19871984orua bb 00010 eng d
035 |a (OCoLC)15714081 
035 |9 AAB7101AM 
040 |a ORU  |c MIA  |d MIA  |d HPE  |d TXA  |d UtOrBLW 
049 |a TXAI 
099 |a fiche  |a C  |a 9825 
100 1 |a Kimbrough, Claire Marie. 
245 1 3 |a An analysis of knowledge and application of exercise training principles among a population of adult joggers /  |c Claire Marie Kimbrough. 
264 1 |a [Place of publication not identified] :  |b [publisher not identified] ;  |c 1984. 
300 |a vii, 68 leaves :  |b illustrations 
336 |a text  |b txt  |2 rdacontent 
337 |a microform  |b h  |2 rdamedia 
338 |a microfiche  |b he  |2 rdacarrier 
502 |b M.S.  |c East Stroudsburg University  |d 1984. 
504 |a Bibliography: leaves 53-54. 
533 |a Microfiche.  |b Eugene :  |c Microform Publications, College of Human Development and Performance, University of Oregon,  |d 1987.  |e 1 microfiche : negative ; 11 x 15 cm. 
500 |a Microform. 
650 0 |a Jogging  |x Training. 
650 0 |a Physical fitness. 
999 |a MARS 
999 f f |s 7b4874b4-4d05-3d87-95fb-749a7a87a0a4  |i f794d339-b8ad-3075-a281-884597c0f384  |t 0 
952 f f |p normal  |a Texas A&M University  |b College Station  |c Sterling C. Evans Library  |d Evans: Microforms (3rd floor)  |t 0  |e fiche C 9825  |h Other scheme  |i microform -- microfiche  |m A14823251596 
998 f f |a fiche C 9825  |t 0  |l Evans: Microforms (3rd floor)